[Event "Christmas Newbie Challenge"]
[Site "SchemingMind.com"]
[Date "2008.12.08"]
[Round "-"]
[White "GavinD."]
[Black "diggies"]
[Result "1-0"]
[WhiteCountry "RSA"]
[BlackCountry "USA"]
[WhiteElo "1898"]
[WhiteRD "118"]
[BlackElo "1467"]
[BlackRD "145"]
[GameID "182487"]

1. d4 e6 2. e4 c5 3. Nf3 cxd4 4. Nxd4 e5 5. Nf3 Nf6 6. Bg5 d6 7. Nc3 Be7 8. Qd2 h6 9. Bxf6 Bxf6 10. O-O-O Bg4
11. Bb5+ Nd7 12. Qxd6 a6 13. Nd5 Rc8 14. Bxd7+ Bxd7 15. Nxf6+ gxf6 16. Rd2 Bc6 17. Qb4 Qe7 18. Qxe7+ Kxe7 19. Re1 Ke6 20. Nh4 Rcd8
21. f3 h5 22. Nf5 Rxd2 23. Kxd2 b5 24. Re3 Kd7 25. Rd3+ Kc7 26. Ne7 Re8 27. Nf5 Bd7 28. Nd6 Rf8 29. Ke3 Kc6 30. b4 Be6
31. f4 Bxa2 32. Ra3 Ra8 33. Rxa2 Kxd6 34. g3 Kc6 35. c3 Kb6 36. Rd2 Kc6 37. h3 a5 38. g4 a4 39. gxh5 Rh8 40. h4 Rxh5
41. Rh2 Kd6 42. f5 Kc6 43. Kf3 Kd6 44. Kg4 Rh6 45. h5 Ke7 46. Rd2 Rh8 47. h6 Rxh6 48. Rd5 Rh8 49. Rxb5 Ra8 50. Rd5 a3
51. Rd1 a2 52. Ra1 Kd6 53. c4 Ra4 54. b5 Kc5 55. Kh5 Kxc4 56. b6 Kd4 57. b7 Rb4 58. Rxa2 Kxe4 59. Ra4 Rxa4 60. b8=Q Ra1
61. Kh6 Rg1 62. Qb7+ Kxf5 63. Qd7+ Ke4 64. Qc6+ Kf5 65. Qf3+ Ke6 66. Qh3+ Ke7 67. Qh2 Rg6+ 68. Kh5 Kf8 69. Qh3 Kg7 70. Qd7 Rg5+
71. Kh4 Rg6 72. Qc7 Rg5 73. Qd6 e4 74. Qf4 Re5 75. Qe3 Kg6 76. Kg3 Rg5+ 77. Kf2 f5 78. Qb6+ Kh5 79. Qf6 Kg4 80. Qxf7 Kh3
81. Qf6 Kg4 82. Ke3 Rh5 83. Qg6+ Rg5 84. Qf6 Kh4 85. Kf4
1-0

[Event "Christmas Newbie Challenge"]
[Site "SchemingMind.com"]
[Date "2008.12.09"]
[Round "-"]
[White "diggies"]
[Black "GavinD."]
[Result "0-1"]
[WhiteCountry "USA"]
[BlackCountry "RSA"]
[WhiteElo "1467"]
[WhiteRD "145"]
[BlackElo "1898"]
[BlackRD "118"]
[GameID "182488"]

1. e4 c5 2. d4 cxd4 3. Qxd4 Nc6 4. Qd1 e5 5. Nf3 Nf6 6. Bg5 Bc5 7. a3 d6 8. b4 Bb6 9. Bd3 Be6 10. c3 O-O
11. h3 Rc8 12. Nbd2 h6 13. Bh4 g5 14. Bg3 Ne7 15. c4 a5 16. O-O Ng6 17. Rc1 Nf4 18. Bxf4 gxf4 19. Nh2 Kh8 20. Kh1 Rg8
21. f3 Nh5 22. c5 Ng3+ 23. Kg1 dxc5 24. Ng4 cxb4+ 25. Kh2 Qxd3 26. Rxc8 Rxc8 27. Re1 Rc2 28. Nf1 Nxf1+ 29. Rxf1 Qxd1 30. Rxd1 Bxg4
31. hxg4 b3 32. Kh3 b2
0-1

[Event "Christmas Newbie Challenge"]
[Site "SchemingMind.com"]
[Date "2008.12.10"]
[Round "-"]
[White "willshiv"]
[Black "diggies"]
[Result "0-1"]
[WhiteCountry "USA"]
[BlackCountry "USA"]
[WhiteElo "1029"]
[WhiteRD "171"]
[BlackElo "1467"]
[BlackRD "145"]
[GameID "182660"]

1. e4 e5 2. Nf3 Nf6 3. d4 exd4 4. Qxd4 Nc6 5. Qd3 Be7 6. Qd1 Nxe4 7. Bc4 O-O 8. Nc3 Nxc3 9. bxc3 Bf6 10. O-O Bxc3
11. Ba3 Bxa1 12. Qxa1 d6 13. Nh4 Qxh4
0-1

[Event "Christmas Newbie Challenge"]
[Site "SchemingMind.com"]
[Date "2008.12.10"]
[Round "-"]
[White "diggies"]
[Black "willshiv"]
[Result "1-0"]
[WhiteCountry "USA"]
[BlackCountry "USA"]
[WhiteElo "1467"]
[WhiteRD "145"]
[BlackElo "1029"]
[BlackRD "171"]
[GameID "182662"]

1. e4 e5 2. Nf3 Nc6 3. Bc4 Nf6 4. d3 Nd4 5. Nxe5 d5 6. exd5 Nxd5 7. O-O Bd6 8. Nxf7 Kxf7 9. Qh5+ g6 10. Bxd5+ Kf8
11. Qh6+ Ke8 12. Qe3+ Be6 13. Qxd4
1-0

[Event "Christmas Newbie Challenge"]
[Site "SchemingMind.com"]
[Date "2008.12.14"]
[Round "-"]
[White "kekerr"]
[Black "diggies"]
[Result "1-0"]
[WhiteCountry "USA"]
[BlackCountry "USA"]
[WhiteElo "2050"]
[WhiteRD "174"]
[BlackElo "1570"]
[BlackRD "126"]
[GameID "183032"]

1. e4 e5 2. Nf3 Nf6 3. Nxe5 Qe7 4. d4 d6 5. Nf3 Nxe4 6. Be2 g6 7. O-O Bg7 8. Bd3 O-O 9. Re1 f5 10. Nc3 Nc6
11. Nxe4 fxe4 12. Bxe4 Qd7 13. Bd5+ Kh8 14. Be3 Ne7 15. Bb3 d5 16. Qd2 Nf5 17. Ne5 Qe6 18. Bf4 c6 19. c3 Nh4 20. Qe3 Qf6
21. Bg5 Nxg2 22. Bxf6 Nxe3 23. Bxg7+ Kxg7 24. Rxe3 Bf5 25. Rae1 Rac8 26. Nf3 h6 27. Re7+ Rf7 28. Rxf7+ Kxf7 29. Nh4 Bg4 30. Bd1 Bd7
31. Re5 Rd8 32. f4 Bc8 33. Bc2 Bh3 34. Bxg6+ Kf6 35. Bf5 Rg8+ 36. Kf2 Bxf5 37. Nxf5 Rh8 38. Kf3 Rh7 39. Ng3 h5 40. Rxh5 Rc7
41. Rh6+ Kg7 42. Re6 Kf7 43. f5 c5 44. Rh6 Kg7 45. Rg6+ Kh7 46. Nh5 cxd4 47. Nf6+ Kh8 48. Rg8#
1-0

[Event "Christmas Newbie Challenge"]
[Site "SchemingMind.com"]
[Date "2008.12.14"]
[Round "-"]
[White "kekerr"]
[Black "GavinD."]
[Result "1-0"]
[WhiteCountry "USA"]
[BlackCountry "RSA"]
[WhiteElo "2177"]
[WhiteRD "135"]
[BlackElo "1851"]
[BlackRD "103"]
[GameID "183033"]

1. e4 c5 2. Nf3 Nc6 3. Bb5 e6 4. O-O d5 5. exd5 exd5 6. Re1+ Be7 7. d4 Be6 8. Ne5 Qc7 9. c3 Nf6 10. Bf4 Qb6
11. Bxc6+ bxc6 12. Qa4 Rc8 13. Nd2 O-O 14. Rab1 cxd4 15. cxd4 Bf5 16. Rbc1 c5 17. dxc5 Bxc5 18. Bg3 Ng4 19. Nxg4 Bxg4 20. Qxg4 Qxb2
21. Nb3 f5 22. Qe2 Qxe2 23. Rxe2 f4 24. Nxc5 fxg3 25. hxg3 Rf6 26. Rd2 Rd6 27. Nb3 Rxc1+ 28. Nxc1
1-0

[Event "Christmas Newbie Challenge"]
[Site "SchemingMind.com"]
[Date "2008.12.13"]
[Round "-"]
[White "diggies"]
[Black "kekerr"]
[Result "0-1"]
[WhiteCountry "USA"]
[BlackCountry "USA"]
[WhiteElo "1571"]
[WhiteRD "119"]
[BlackElo "2177"]
[BlackRD "135"]
[GameID "183035"]

1. e4 c5 2. Nf3 d6 3. d4 cxd4 4. Nxd4 Nf6 5. Nc3 a6 6. Bc4 e6 7. O-O b5 8. Bd3 Be7 9. Be3 Bb7 10. h3 Nbd7
11. b4 Qc7 12. Qd2 O-O 13. a3 Rac8 14. Nde2 Rfe8 15. Rac1 Nb6 16. f3 Nc4 17. Bxc4 Qxc4 18. Qd3 Nd7 19. Qxc4 Rxc4 20. Nb1 d5
21. Nd2 Rc7 22. Ng3 Rec8 23. exd5 Bxd5 24. Nde4 Rxc2 25. Rfe1 Bh4 26. Kh2 Bxe4 27. fxe4 Ne5 28. Rxc2 Rxc2 29. Ra1 Nc6 30. Rc1 Nd4
31. Rxc2 Nxc2 32. Bc1 f6 33. Ne2 Kf7 34. Bb2 Bf2 35. g4 g5 36. Kg2 Ba7 37. Kf3 Kg6 38. Ng3 Bb8 39. Nf1 f5 40. Nd2 Ne1+
41. Ke2 Ng2 42. Nb3 Nf4+ 43. Kf3 Nd3 44. exf5+ exf5 45. gxf5+ Kxf5 46. Bc3 Ne5+ 47. Kg2 Nc4 48. Nc5 Nxa3 49. Nxa6 Bd6 50. Bd4 Be5
51. Bc5 h5 52. Kf3 g4+ 53. hxg4+ hxg4+ 54. Kg2 g3 55. Be3 Nc2 56. Bd2 Bf4 57. Bc3 Kg4 58. Nc5 Ne3+ 59. Kg1 Kf3 60. Nb3 Nc2
61. Nd2+ Bxd2 62. Bxd2 Nd4 63. Kh1 Kf2 64. Be1+ Kxe1
0-1

[Event "Christmas Newbie Challenge"]
[Site "SchemingMind.com"]
[Date "2008.12.13"]
[Round "-"]
[White "GavinD."]
[Black "kekerr"]
[Result "0-1"]
[WhiteCountry "RSA"]
[BlackCountry "USA"]
[WhiteElo "1900"]
[WhiteRD "105"]
[BlackElo "2043"]
[BlackRD "174"]
[GameID "183036"]

1. d4 Nf6 2. c4 e6 3. Nc3 Bb4 4. Qc2 d5 5. Bg5 h6 6. Bh4 c5 7. Nf3 Nc6 8. e3 O-O 9. Be2 g5 10. Bg3 Ne4
11. O-O-O Bxc3 12. bxc3 Qa5 13. Rd3 Bd7 14. h4 Nxg3 15. fxg3 g4 16. Ne5 Nxe5 17. dxe5 Ba4 18. Qb1 h5 19. Rf1 dxc4 20. Rf6 cxd3
21. Qxd3 Rfd8 22. Rg6+ Kf8
0-1

[Event "Christmas Newbie Challenge"]
[Site "SchemingMind.com"]
[Date "2008.12.14"]
[Round "-"]
[White "dahan"]
[Black "diggies"]
[Result "0-1"]
[WhiteCountry "GER"]
[BlackCountry "USA"]
[WhiteElo "1398"]
[WhiteRD "224"]
[BlackElo "1467"]
[BlackRD "145"]
[GameID "183398"]

1. e4 e6 2. d4 c5 3. Nf3 cxd4 4. Nxd4 e5 5. Nf3 Nf6 6. Nc3 Bb4 7. Bd2 Nc6 8. Nd5 Bxd2+ 9. Qxd2 Nxe4 10. Qe3 Qa5+
11. Nd2 Nxf2 12. Kxf2 Qxd5 13. Qe4 Qxd2+ 14. Qe2 Qxe2+ 15. Bxe2 O-O 16. Rad1 f6 17. Bc4+ Kh8 18. c3 g5 19. g4 a6 20. h4 b5
21. Bd5 Kg7 22. h5 h6 23. b4 Ra7 24. a3 Ne7 25. Be4 f5 26. gxf5 Nxf5 27. Bxf5 Rxf5+ 28. Kg3 Rc7 29. Rhf1 Rxc3+ 30. Kg2 Bb7+
31. Kg1 Rxf1+ 32. Rxf1 Rxa3
0-1

[Event "Christmas Newbie Challenge"]
[Site "SchemingMind.com"]
[Date "2008.12.14"]
[Round "-"]
[White "dahan"]
[Black "kekerr"]
[Result "0-1"]
[WhiteCountry "GER"]
[BlackCountry "USA"]
[WhiteElo "1479"]
[WhiteRD "150"]
[BlackElo "2177"]
[BlackRD "135"]
[GameID "183399"]

1. e4 c5 2. Nf3 d6 3. d4 cxd4 4. Nxd4 Nf6 5. Nc3 a6 6. Bc4 e6 7. O-O b5 8. Bd3 Bb7 9. Re1 Be7 10. b3 Nbd7
11. a4 b4 12. Nce2 Nxe4 13. Nf4 Nc3 14. Qg4 Ne5 15. Qxg7 Bf6 16. Qg3 Qe7 17. Bb2 Nxd3 18. Nxd3 Bxd4 19. Nxb4 Qf6 20. Nd3 O-O-O
21. Ra3 Rhg8 22. Qf4 Rxg2+ 23. Kf1 Rdg8 24. Qg3 R8xg3
0-1

[Event "Christmas Newbie Challenge"]
[Site "SchemingMind.com"]
[Date "2008.12.14"]
[Round "-"]
[White "dahan"]
[Black "GavinD."]
[Result "0-1"]
[WhiteCountry "GER"]
[BlackCountry "RSA"]
[WhiteElo "1353"]
[WhiteRD "200"]
[BlackElo "1900"]
[BlackRD "105"]
[GameID "183400"]

1. e4 c5 2. Nf3 Nc6 3. c3 b6 4. d4 cxd4 5. cxd4 e6 6. e5 d6 7. Bb5 Bd7 8. Bc4 Qc7 9. b3 dxe5 10. O-O exd4
11. Nxd4 Bc5 12. Bg5 Bxd4 13. Nd2 Bxa1 14. Qxa1 f6 15. Be3 Nge7 16. Rc1 O-O 17. Nf3 Rac8 18. g3 Kh8
0-1

[Event "Christmas Newbie Challenge"]
[Site "SchemingMind.com"]
[Date "2008.12.14"]
[Round "-"]
[White "diggies"]
[Black "dahan"]
[Result "1-0"]
[WhiteCountry "USA"]
[BlackCountry "GER"]
[WhiteElo "1570"]
[WhiteRD "126"]
[BlackElo "1521"]
[BlackRD "163"]
[GameID "183402"]

1. e4 e5 2. Nf3 Nc6 3. Bc4 Nf6 4. Ng5 Nxe4 5. Nxf7 Qf6 6. Qe2 Nd4 7. Qxe4 c6 8. Nxh8 Bc5 9. O-O d5 10. Qd3 Bf5
11. Qe3 dxc4 12. a4 O-O-O 13. Ra2 b6 14. Nf7 Qxf7 15. Qxe5 Qe6 16. Qxg7 Bh3 17. Kh1 Rg8 18. Qxg8+ Qxg8 19. gxh3 Nf3 20. d3 Qe6
21. Nd2 Qxh3 22. Nxf3 Qxf3+ 23. Kg1 Qg4+ 24. Kh1 Bd6 25. f4 Qf5 26. dxc4 Qxc2 27. h3 Qxc4 28. Rd1 Qxa2 29. Rxd6 Qb1 30. Rxc6+ Kb7
31. Rc3 Qe4+ 32. Kh2 Qxa4 33. Kg3 Qe4 34. Re3 Qc2= 35. Rc3 Qg6+ 36. Kf2 Qf6 37. Rf3 b5 38. f5 a5 39. Kg3 h5 40. h4 a4
41. Rf2 Qg7+ 42. Bg5 Qe5+ 43. Kh3 b4 44. f6 a3 45. bxa3 b3 46. f7 b2 47. Rxb2+ Qxb2 48. f8=Q Qb3+ 49. Kg2 Qc2+ 50. Qf2
1-0

[Event "Christmas Newbie Challenge"]
[Site "SchemingMind.com"]
[Date "2008.12.14"]
[Round "-"]
[White "kekerr"]
[Black "dahan"]
[Result "1-0"]
[WhiteCountry "USA"]
[BlackCountry "GER"]
[WhiteElo "2177"]
[WhiteRD "135"]
[BlackElo "1479"]
[BlackRD "150"]
[GameID "183403"]

1. e4 e5 2. Nf3 Nc6 3. Bb5 Nf6 4. O-O d6 5. Re1 Bg4 6. c3 Be7 7. d4 O-O 8. Bxc6 bxc6 9. dxe5 dxe5 10. Qxd8 Raxd8
11. Nxe5 Rd6 12. Nxg4 Nxg4 13. Bf4 Rf6 14. Bg3 Bc5 15. e5 Re8 16. Re2 Rfe6 17. Kf1 Nxe5 18. Nd2 Nd3 19. Rxe6 Rxe6 20. b4 Bb6
21. Nf3 c5 22. bxc5 Bxc5 23. Rd1 Nb2 24. Rd8+ Bf8 25. Bxc7
1-0

[Event "Christmas Newbie Challenge"]
[Site "SchemingMind.com"]
[Date "2008.12.14"]
[Round "-"]
[White "GavinD."]
[Black "dahan"]
[Result "1-0"]
[WhiteCountry "RSA"]
[BlackCountry "GER"]
[WhiteElo "1900"]
[WhiteRD "105"]
[BlackElo "1353"]
[BlackRD "200"]
[GameID "183404"]

1. d4 d5 2. c4 dxc4 3. Nc3 Nc6 4. Nf3 Bg4 5. e3 e6 6. Bxc4 Bb4 7. Bd2 Nf6 8. O-O Na5 9. Qa4+ c6 10. Qxb4 b5
11. Be2 Nb7 12. h3 Bh5 13. a4 a6 14. axb5 axb5 15. Nxb5 cxb5 16. Qxb5+ Nd7 17. Qxb7 Rxa1 18. Rxa1 O-O 19. Bb4 Re8 20. Bb5 Bxf3
21. Qxf3 Qb6 22. Bxd7 Rd8 23. Ra8
1-0

[Event "Christmas Newbie Challenge"]
[Site "SchemingMind.com"]
[Date "2008.12.15"]
[Round "-"]
[White "croner"]
[Black "diggies"]
[Result "1-0"]
[WhiteCountry "POL"]
[BlackCountry "USA"]
[WhiteElo "1940"]
[WhiteRD "133"]
[BlackElo "1467"]
[BlackRD "145"]
[GameID "183567"]

1. e4 e5 2. Bc4 Nf6 3. d3 Bc5 4. Bg5 h6 5. Bh4 Nc6 6. a3 d6 7. h3 a6 8. Nc3 g5 9. Bg3 Nd4 10. Nf3 Nh5
11. Nxd4 Nxg3 12. fxg3 Bxd4 13. Qh5 Bxc3+ 14. bxc3 Qe7 15. O-O Be6 16. Bxe6 Qxe6 17. Rf5 O-O 18. Raf1 Qg6 19. Qf3 Rae8 20. Rf6 Qg7
21. Qg4 Re7 22. d4 b5 23. Qe2= Re6 24. dxe5 Rxe5 25. c4 Re6 26. Rxe6 fxe6 27. Rxf8+ Kxf8 28. cxb5 Qd4+ 29. Kh2 a5 30. Qh5 Qf6
31. Qf3 Kg7 32. Qe3 Qb2 33. c4 a4 34. Qa7 Qxa3 35. b6 Qb2 36. b7 a3 37. b8=Q Qc1 38. Qaxc7+ Kf6 39. Qh8+
1-0

[Event "Christmas Newbie Challenge"]
[Site "SchemingMind.com"]
[Date "2008.12.15"]
[Round "-"]
[White "croner"]
[Black "kekerr"]
[Result "0-1"]
[WhiteCountry "POL"]
[BlackCountry "USA"]
[WhiteElo "1897"]
[WhiteRD "111"]
[BlackElo "2177"]
[BlackRD "135"]
[GameID "183568"]

1. e4 c5 2. Nf3 d6 3. h3 a6 4. d4 cxd4 5. Nxd4 Nf6 6. Nd2 e5 7. N4f3 Be7 8. Nc4 O-O 9. Qd3 b5 10. Ncd2 Be6
11. b3 Nbd7 12. Bb2 Rc8 13. Be2 Qb6 14. O-O b4 15. a3 Qc6 16. axb4 Qxc2 17. Ra2 Qxd3 18. Bxd3 Rb8 19. Rxa6 Rxb4 20. Ba3 Rb6
21. Rxb6 Nxb6 22. Nxe5 Ra8 23. Bb4 Ra7
0-1

[Event "Christmas Newbie Challenge"]
[Site "SchemingMind.com"]
[Date "2008.12.15"]
[Round "-"]
[White "croner"]
[Black "GavinD."]
[Result "1-0"]
[WhiteCountry "POL"]
[BlackCountry "RSA"]
[WhiteElo "1940"]
[WhiteRD "133"]
[BlackElo "1898"]
[BlackRD "118"]
[GameID "183569"]

1. e4 c5 2. Nf3 Nc6 3. d4 cxd4 4. Nxd4 Nf6 5. Nc3 e5 6. Nf3 Bb4 7. Bd2 Bxc3 8. Bxc3 Nxe4 9. Nxe5 Nxc3 10. Nxc6 bxc6
11. bxc3 Qe7+ 12. Qe2 Qxe2+ 13. Bxe2 O-O 14. Kd2 Rb8 15. Rab1 Rxb1 16. Rxb1 d6 17. a3 g6 18. Rb8 Be6 19. Rb7 Ra8 20. Bf3 c5
21. Rc7 a6 22. Bxa8
1-0

[Event "Christmas Newbie Challenge"]
[Site "SchemingMind.com"]
[Date "2008.12.16"]
[Round "-"]
[White "croner"]
[Black "dahan"]
[Result "1-0"]
[WhiteCountry "POL"]
[BlackCountry "GER"]
[WhiteElo "1940"]
[WhiteRD "133"]
[BlackElo "1398"]
[BlackRD "224"]
[GameID "183571"]

1. e4 e5 2. g3 g6 3. Bg2 Bg7 4. d3 Ne7 5. Nc3 O-O 6. Nf3 Nbc6 7. Nd5 Nd4 8. Nxd4 exd4 9. Bf4 Nxd5 10. exd5 Re8+
11. Be4 d6 12. O-O Bh3 13. Re1 f5 14. Bh1 Rxe1+ 15. Qxe1 Qe8 16. Bg2 Qxe1+ 17. Rxe1 Bxg2 18. Kxg2
1-0

[Event "Christmas Newbie Challenge"]
[Site "SchemingMind.com"]
[Date "2008.12.15"]
[Round "-"]
[White "diggies"]
[Black "croner"]
[Result "0-1"]
[WhiteCountry "USA"]
[BlackCountry "POL"]
[WhiteElo "1467"]
[WhiteRD "145"]
[BlackElo "1940"]
[BlackRD "133"]
[GameID "183572"]

1. e4 e5 2. Nf3 Nc6 3. d4 d6 4. d5 Nd4 5. Nxd4 exd4 6. Qxd4 Nf6 7. Nc3 Bd7 8. Bd3 Be7 9. Qe3 Ng4 10. Qe2 O-O
11. h3 Ne5 12. O-O a6 13. f4 Nxd3 14. Qxd3 b5 15. Be3 Re8 16. Bd4 f6 17. a3 c6 18. dxc6 Bxc6 19. Nd5 Rb8 20. b4 Qd7
21. f5 Bd8 22. Qb3 Bxd5 23. Qxd5+ Kf8 24. Rad1 Bb6 25. Bxb6 Rxb6 26. c4 Re5 27. Qd4 Qb7 28. Rfe1 Rc6 29. cxb5 axb5 30. Re3 d5
31. exd5 Rc4 32. Qd3 Qb6 33. Re1 Rce4 34. Kf2 Rxf5+ 35. Kg3 Qd6#
0-1

[Event "Christmas Newbie Challenge"]
[Site "SchemingMind.com"]
[Date "2008.12.15"]
[Round "-"]
[White "kekerr"]
[Black "croner"]
[Result "1-0"]
[WhiteCountry "USA"]
[BlackCountry "POL"]
[WhiteElo "2177"]
[WhiteRD "135"]
[BlackElo "1897"]
[BlackRD "111"]
[GameID "183573"]

1. e4 e5 2. Nf3 d6 3. d4 f6 4. Bc4 a6 5. O-O Bg4 6. c3 Nc6 7. Be3 Nh6 8. Nbd2 b5 9. Bd5 Qd7 10. Nb3 O-O-O
11. Bxc6 Qxc6 12. d5 Qe8 13. Na5 Bd7 14. b3 f5 15. a4 fxe4 16. Nd2 Nf5 17. Nxe4 Be7 18. c4 Nxe3 19. fxe3 Qg6 20. Nd2 bxa4
21. bxa4 Qd3 22. Qe1 Bg5 23. Kh1
1-0

[Event "Christmas Newbie Challenge"]
[Site "SchemingMind.com"]
[Date "2008.12.15"]
[Round "-"]
[White "GavinD."]
[Black "croner"]
[Result "0-1"]
[WhiteCountry "RSA"]
[BlackCountry "POL"]
[WhiteElo "1900"]
[WhiteRD "105"]
[BlackElo "2018"]
[BlackRD "124"]
[GameID "183574"]

1. e4 e5 2. Nf3 d6 3. Bc4 g6 4. d4 Bg7 5. dxe5 Nc6 6. exd6 cxd6 7. c3 Be6 8. Nbd2 Ne5 9. Bb5+ Nd7 10. Nb3 a6
11. Bxd7+ Bxd7 12. Qxd6 Bg4 13. Qxd8+ Rxd8 14. Nfd4 Nf6 15. f3 Bc8 16. Bg5 h6 17. Bh4 g5 18. Bg3 Nh5 19. Bf2 Nf4 20. O-O Nd3
21. Rab1 Nxf2 22. Kxf2 h5 23. Rbd1 Be5 24. Kg1 Ke7 25. Rd3 Bc7 26. Rfd1 Rhe8 27. Nc5 Kf6 28. g3 Kg7 29. Kf2 g4 30. f4 b6
31. Nxa6 Bxa6 32. Nf5+ Kf6 33. Rxd8 Rxd8 34. Rxd8 Bxd8 35. Ke3 b5 36. Nd4 Bb6 37. e5+ Kg6 38. Kf2 b4 39. Ke3 bxc3 40. bxc3 Bc4
41. a3 Kg7 42. f5 Ba5 43. Kd2 Bc7 44. e6 Kf6 45. exf7 Bxf7 46. Kd3 h4 47. c4 Bxg3 48. hxg3 h3
0-1

[Event "Christmas Newbie Challenge"]
[Site "SchemingMind.com"]
[Date "2008.12.16"]
[Round "-"]
[White "dahan"]
[Black "croner"]
[Result "0-1"]
[WhiteCountry "GER"]
[BlackCountry "POL"]
[WhiteElo "1338"]
[WhiteRD "292"]
[BlackElo "1616"]
[BlackRD "188"]
[GameID "183576"]

1. e4 e5 2. Nf3 d6 3. d4 exd4 4. Nxd4 a6 5. Bd3 Nc6 6. Nxc6 bxc6 7. O-O h6 8. Re1 Nf6 9. e5 dxe5 10. Rxe5+ Be6
11. Bf5 Qxd1+ 12. Re1 Qxe1#
0-1

[Event "Christmas Newbie Challenge"]
[Site "SchemingMind.com"]
[Date "2008.12.17"]
[Round "-"]
[White "Kevin Connelly"]
[Black "diggies"]
[Result "1-0"]
[WhiteCountry "USA"]
[BlackCountry "USA"]
[WhiteElo "2031"]
[WhiteRD "226"]
[BlackElo "1467"]
[BlackRD "145"]
[GameID "183858"]

1. Nf3 c5 2. c4 e6 3. Nc3 Nf6 4. g3 d5 5. cxd5 Nxd5 6. Bg2 Be7 7. O-O Bd7 8. Nxd5 exd5 9. d4 c4 10. Nd2 Be6
11. b3 Nc6 12. bxc4 dxc4 13. Rb1 Rb8 14. Rxb7 Nxd4 15. Rxb8 Qxb8 16. Nxc4 Bxc4 17. Qxd4 Be6 18. Qxg7 Rf8 19. Bc6+ Bd7 20. Bxd7+ Kxd7
21. Bh6 Re8 22. Rd1+ Bd6 23. Bf4 Re6 24. Qxf7+ Re7 25. Qd5 Re6 26. Bxd6 Rxd6 27. Qf7+ Kc6 28. Rc1+
1-0

[Event "Christmas Newbie Challenge"]
[Site "SchemingMind.com"]
[Date "2008.12.17"]
[Round "-"]
[White "Kevin Connelly"]
[Black "kekerr"]
[Result "0-1"]
[WhiteCountry "USA"]
[BlackCountry "USA"]
[WhiteElo "1650"]
[WhiteRD "163"]
[BlackElo "2043"]
[BlackRD "174"]
[GameID "183859"]

1. Nf3 d5 2. d4 Nf6 3. c4 e6 4. g3 dxc4 5. Bg2 Bb4+ 6. Bd2 a5 7. O-O Nc6 8. e3 O-O 9. Qe2 Nd7 10. Qxc4 Nb6
11. Qe2 Nd5 12. Nc3 b6 13. a3 Ba6
0-1

[Event "Christmas Newbie Challenge"]
[Site "SchemingMind.com"]
[Date "2008.12.16"]
[Round "-"]
[White "Kevin Connelly"]
[Black "croner"]
[Result "1-0"]
[WhiteCountry "USA"]
[BlackCountry "POL"]
[WhiteElo "1662"]
[WhiteRD "292"]
[BlackElo "1616"]
[BlackRD "188"]
[GameID "183860"]

1. Nf3 Nc6 2. d4 d5 3. c4 Nf6 4. cxd5 Qxd5 5. Nc3 Qa5 6. Bd2 Bg4 7. d5 Nxd5 8. Na4 Qa6 9. e4 b5 10. exd5 Ne5
11. Qb3 Rb8 12. Nxe5 Qxa4 13. Qxa4
1-0

[Event "Christmas Newbie Challenge"]
[Site "SchemingMind.com"]
[Date "2008.12.17"]
[Round "-"]
[White "Kevin Connelly"]
[Black "GavinD."]
[Result "0-1"]
[WhiteCountry "USA"]
[BlackCountry "RSA"]
[WhiteElo "1650"]
[WhiteRD "163"]
[BlackElo "1900"]
[BlackRD "105"]
[GameID "183861"]

1. Nf3 d5 2. d4 e6 3. c4 Nf6 4. g3 Bb4+ 5. Bd2 Nc6 6. Bxb4 Nxb4 7. Bg2 O-O 8. Nbd2 c6 9. a3 Na6 10. O-O Nc7
11. Qc2 Bd7 12. e4 Re8 13. Rfe1 h6 14. Ne5 Rc8 15. Rad1 Qe7 16. Kh1 c5 17. exd5 cxd4 18. Nxd7 Qxd7 19. Qb3 e5
0-1

[Event "Christmas Newbie Challenge"]
[Site "SchemingMind.com"]
[Date "2008.12.16"]
[Round "-"]
[White "Kevin Connelly"]
[Black "dahan"]
[Result "0-1"]
[WhiteCountry "USA"]
[BlackCountry "GER"]
[WhiteElo "1470"]
[WhiteRD "145"]
[BlackElo "1521"]
[BlackRD "163"]
[GameID "183863"]

1. Nf3 Nc6 2. d4 d5 3. c4 dxc4 4. d5 Nb4 5. Qa4+ Bd7 6. Qxb4 b5 7. Qc3 Nf6 8. Qd4 g6 9. a4 a6 10. Ne5 Bg7
11. Nxd7 Qxd7 12. axb5 Qxb5 13. Nc3 Qb7 14. Qxc4 Rd8 15. Qc6+ Qxc6 16. dxc6 Rd6 17. Rxa6 Nd5
0-1

[Event "Christmas Newbie Challenge"]
[Site "SchemingMind.com"]
[Date "2008.12.17"]
[Round "-"]
[White "diggies"]
[Black "Kevin Connelly"]
[Result "0-1"]
[WhiteCountry "USA"]
[BlackCountry "USA"]
[WhiteElo "1467"]
[WhiteRD "145"]
[BlackElo "2031"]
[BlackRD "226"]
[GameID "183864"]

1. e4 c5 2. Nf3 Nc6 3. d4 cxd4 4. Nxd4 Nf6 5. Nxc6 bxc6 6. Nc3 e5 7. Bc4 Bb4 8. Qf3 d5 9. exd5 cxd5 10. Bd2 O-O
11. Bb3 e4 12. Qe2 Bg4 13. Qb5 Rb8 14. Qa6 d4 15. Nb1 e3 16. Bxb4 exf2+ 17. Kxf2 Ne4+ 18. Kf1 Rb6 19. Qd3 Qf6+ 20. Qf3 Bxf3
21. gxf3 Qxf3+ 22. Ke1 Qxh1+ 23. Ke2 Qg2+
0-1

[Event "Christmas Newbie Challenge"]
[Site "SchemingMind.com"]
[Date "2008.12.17"]
[Round "-"]
[White "kekerr"]
[Black "Kevin Connelly"]
[Result "1-0"]
[WhiteCountry "USA"]
[BlackCountry "USA"]
[WhiteElo "2043"]
[WhiteRD "174"]
[BlackElo "1650"]
[BlackRD "163"]
[GameID "183865"]

1. e4 c5 2. Nf3 d6 3. d4 cxd4 4. Nxd4 Nf6 5. Nc3 a6 6. Be3 e5 7. Nb3 Be6 8. f3 Be7 9. Qd2 O-O 10. O-O-O Nbd7
11. g4 b5 12. g5 b4 13. gxf6
1-0

[Event "Christmas Newbie Challenge"]
[Site "SchemingMind.com"]
[Date "2008.12.16"]
[Round "-"]
[White "croner"]
[Black "Kevin Connelly"]
[Result "1-0"]
[WhiteCountry "POL"]
[BlackCountry "USA"]
[WhiteElo "2018"]
[WhiteRD "124"]
[BlackElo "1650"]
[BlackRD "163"]
[GameID "183866"]

1. e4 c5 2. Nf3 Nc6 3. d4 cxd4 4. Nxd4 Nf6 5. Nc3 e5 6. Nf5 d5 7. Bg5 d4 8. Ne2 Qa5+ 9. Bd2 Qb6 10. Neg3 g6
11. Nh4 Qxb2 12. Qb1 Qxb1+ 13. Rxb1 b6 14. Bb5 Bb7 15. O-O Bg7 16. Nf3 Nd7 17. Ne1 O-O 18. Nd3 a6 19. Bc4 Rac8 20. Bd5 Na5
21. Bxa5 Bxd5 22. Bb4 Be6 23. Bxf8 Bxf8 24. Rbc1 Bh6 25. Rb1 Rxc2 26. Nb4
1-0

[Event "Christmas Newbie Challenge"]
[Site "SchemingMind.com"]
[Date "2008.12.17"]
[Round "-"]
[White "GavinD."]
[Black "Kevin Connelly"]
[Result "1-0"]
[WhiteCountry "RSA"]
[BlackCountry "USA"]
[WhiteElo "1865"]
[WhiteRD "101"]
[BlackElo "1470"]
[BlackRD "145"]
[GameID "183867"]

1. d4 Nf6 2. c4 g6 3. Nc3 d5 4. Bg5 Ne4 5. Nxe4 dxe4 6. e3 h6 7. Bf4 Bg7 8. Qc2 c5 9. Ne2 O-O 10. Qxe4 Qa5+
11. Nc3 cxd4 12. exd4 Nc6 13. Be3 Bf5 14. Qf3 Nxd4 15. Bxd4 Bxd4 16. Be2 Bxc3+ 17. Qxc3 Qxc3+ 18. bxc3 Rac8 19. O-O b6 20. Rad1 Rfd8
21. Rxd8+ Rxd8 22. Rd1 Rxd1+ 23. Bxd1 e5 24. Kf1 Kf8 25. Ke2 Bg4+ 26. f3
1-0

[Event "Christmas Newbie Challenge"]
[Site "SchemingMind.com"]
[Date "2008.12.16"]
[Round "-"]
[White "dahan"]
[Black "Kevin Connelly"]
[Result "1-0"]
[WhiteCountry "GER"]
[BlackCountry "USA"]
[WhiteElo "1521"]
[WhiteRD "163"]
[BlackElo "1470"]
[BlackRD "145"]
[GameID "183869"]

1. e4 c5 2. Nf3 Nc6 3. c3 Nf6 4. e5 Nd5 5. d4 cxd4 6. cxd4 d6 7. Bb5 Qa5+ 8. Nc3 Nxc3 9. Bxc6+ bxc6 10. bxc3 Qxc3+
11. Bd2 Qd3 12. Qe2 Qxe2+ 13. Kxe2 Ba6+ 14. Ke3 g6 15. Ng5 h6 16. Ne4 Bc4 17. Rhc1
1-0